000 00381cam a2200145ua 4500
041 _aeng
_h
082 _a692.5
_bJOH/QU
100 _aJohn, F L D .
245 _aQuantities & Estimating for Building Technicians Vol.IV /
_cF L D John.
_hTextual Documents
260 _aLondon :
_bE F N Spon Ltd ,
_c1960.
300 _a141 ; .
504 _a
942 _cBK
999 _c3245
_d3245